000 00469nam a2200169 a 4500
001 60119
005 20180714061252.0
008 140415s1994 sp 000 0 spa d
020 _a8425416108
041 _aspa
082 _a616.8914
_bFRA
100 1 _aFRANKL, VIKTOR E.
245 1 3 _aLA VOLUNTAD DE SENTIDO :
_bCONFERENCIAS ESCOGIDAS SOBRE ,OGOTERAPIA
250 _a3a ed.
260 _aESPAÑA :
_bHERDER,
_c1994,
650 1 4 _aPSICOTERAPIA
999 _c60119
_d60119